On materialism

Tallennettuna:
Bibliografiset tiedot
Päätekijä: Timpanaro, Sebastiano
Aineistotyyppi: Kirja
Kieli:Undetermined
Julkaistu: London NLB 1975
Aiheet:
Tagit: Lisää tagi
Ei tageja, Lisää ensimmäinen tagi!
Thư viện lưu trữ: Trung tâm Học liệu Trường Đại học Cần Thơ
LEADER 00494nam a2200181Ia 4500
001 CTU_89290
008 210402s9999 xx 000 0 und d
082 |a 146.3 
082 |b T586 
100 |a Timpanaro, Sebastiano 
245 0 |a On materialism 
245 0 |c Sebastiano Timpanaro;translated by Lawrence Garner 
260 |a London 
260 |b NLB 
260 |c 1975 
650 |a Materialism,Structuralism 
904 |i Nguyên 
980 |a Trung tâm Học liệu Trường Đại học Cần Thơ